[Event "AUTO-MASTER-787"]
[Site "http://www.queenalice.com/game.php?id=714018"]
[Date "2010.1.14"]
[Round "2"]
[White "HelderNanques"]
[Black "Da_vinci7"]
[Result "0-1"]
[WhiteElo "2104"]
[BlackElo "2090"]

1. c4 e6 2. Nc3 d5 3. d4 c6 4. e3 Bd6 5. Nf3 Nf6 6. Bd3 O-O 7. O-O Nbd7 8. b3 e5
9. dxe5 Nxe5 10. Nxe5 Bxe5 11. Bb2 Bxh2+ 12. Kxh2 Ng4+ 13. Kg3 Qc7+ 14. f4 dxc4
15. bxc4 Nxe3 16. Qh5 Nxf1+ 17. Rxf1 f5 18. Rh1 g6 19. Qh6 Be6 20. Ne2 Rad8 21.
Nd4 Rf7 22. Bc2 Bxc4 23. Nf3 Rd6 24. Be5 b5 25. Ng5 Re7 26. Nf3 Rxe5 27. Nxe5
Bxa2 28. Re1 a5 29. Nxg6 Rxg6+ 0-1

[Event "coyote78"]
[Site "http://www.queenalice.com/game.php?id=720979"]
[Date "2010.1.26"]
[Round "4"]
[White "LukeSkywalker"]
[Black "Da_vinci7"]
[Result "1-0"]
[WhiteElo "1904"]
[BlackElo "2176"]

1. e4 e5 2. Nf3 Nc6 3. d3 Nf6 4. Be2 d5 5. Nbd2 Bc5 6. c3 a5 7. h3 O-O 8. Qc2
Be6 9. Nf1 h6 10. Ng3 Qd7 11. O-O d4 12. a3 dxc3 13. bxc3 Bxh3 14. gxh3 Qxh3 15.
Nf5 g6 16. Ne3 Nh5 17. Ne1 Nf4 18. Bg4 Qh4 19. Nf3 Qf6 20. Nd5 Nxd5 21. exd5 h5
22. Bxh5 gxh5 23. Ng5 Ne7 24. d4 Qg7 25. dxc5 f6 26. d6 cxd6 27. cxd6 Nc6 28.
Kh1 fxg5 29. Bxg5 Kh8 30. f4 exf4 31. Bxf4 Rf7 32. Bh2 Raf8 33. Rxf7 Qxf7 34. c4
Qf3+ 35. Qg2 Qxg2+ 36. Kxg2 Rf7 37. Rd1 Rd7 38. Rd5 Kg7 39. Kf3 Kg6 40. Bf4 Kf6
41. Rxh5 Ke6 42. Ke4 Rf7 43. c5 Kd7 44. Bd2 Ke6 45. Rh6+ Kd7 46. Kd5 1-0

[Event "AUTO-MASTER-1045"]
[Site "http://www.queenalice.com/game.php?id=732719"]
[Date "2010.2.16"]
[Round "1"]
[White "ylisavbots"]
[Black "Da_vinci7"]
[Result "0-1"]
[WhiteElo "2222"]
[BlackElo "2162"]

1. d4 Nf6 2. c4 c5 3. e3 g6 4. Nc3 Bg7 5. Nf3 O-O 6. Be2 d5 7. O-O cxd4 8. exd4
dxc4 9. Bxc4 Bg4 10. Be3 Qc7 11. Be2 Nc6 12. Rc1 Rad8 13. Qa4 a6 14. d5 Ne5 15.
Nxe5 Bxe2 16. d6 Qxd6 17. Nxf7 Rxf7 18. Nxe2 Nd5 19. Bd4 Nf4 20. Nxf4 Qxf4 21.
Qb3 Bxd4 22. Qxb7 Qd2 23. Qxa6 Rxf2 24. Kh1 Rxg2 25. Qc4+ Kg7 26. Qf7+ Kh8 27.
Qf4 Rg1+ 0-1

[Event "AUTO-MASTER-1045"]
[Site "http://www.queenalice.com/game.php?id=732720"]
[Date "2010.2.16"]
[Round "1"]
[White "Da_vinci7"]
[Black "ylisavbots"]
[Result "1-0"]
[WhiteElo "2191"]
[BlackElo "2240"]

1. d4 Nf6 2. Nc3 d5 3. e4 dxe4 4. f3 exf3 5. Nxf3 Bg4 6. h3 Bf5 7. g4 Bc8 8. Bc4
c6 9. Ne5 e6 10. Be3 Bb4 11. Qf3 O-O 12. O-O Bxc3 13. bxc3 Qe8 14. Qg3 Nd5 15.
Bd2 Nd7 16. Nxd7 Qxd7 17. Bd3 b5 18. Qh4 f5 19. gxf5 exf5 20. Rf2 Ne7 21. Re1
Ng6 22. Qh5 Qf7 23. Qg5 Be6 24. h4 Rae8 25. h5 Ne7 26. h6 Bxa2 27. hxg7 Qxg7 28.
Qxg7+ Kxg7 29. Ra1 Bd5 30. Rxa7 Kg6 31. Ra6 Rf6 32. Rh2 Kg7 33. Ra7 h6 34. Bf4
Rg6+ 35. Kf2 Be4 36. c4 bxc4 37. Bxc4 Bxc2 38. Be2 Re6 39. Bc4 Rg6 40. Be2 Re6
41. Bc4 Re4 42. Rg2+ Kf6 43. Be5+ Rxe5 44. dxe5+ Kxe5 45. Bf7 Rf8 46. Rxe7+ Kf6
47. Rc7 Be4 48. Rg6+ Ke5 49. Rxh6 Rb8 50. Bh5 Kf4 51. Rd7 Rb2+ 52. Be2 Ra2 53.
Rh4+ Ke5 54. Rh3 Rb2 55. Ke1 Rb1+ 56. Rd1 Rb2 57. Rc3 Kf4 58. Bd3 Bf3 59. Rd2
Rb8 60. Be2 Bd5 61. Rdc2 Re8 62. Kf2 Rh8 63. Rd2 Rh1 64. Rdd3 Rh2+ 65. Ke1 Rh1+
66. Kd2 Be4 67. Rd4 Ke5 68. Rcc4 Bd5 69. Rh4 Rg1 70. Ra4 Rg2 71. Ra5 Kf6 72. Ke3
Rg3+ 73. Kf4 Rb3 74. Rh6+ Kg7 75. Rd6 Rb7 76. Kxf5 Rf7+ 77. Kg5 Re7 78. Bg4 Rb7
79. Rd7+ Rxd7 80. Bxd7 Kf7 81. Rc5 Ke7 82. Bxc6 Ba2 83. Be4 1-0

[Event "AUTO-MASTER-1045"]
[Site "http://www.queenalice.com/game.php?id=732735"]
[Date "2010.2.16"]
[Round "1"]
[White "Da_vinci7"]
[Black "volga1"]
[Result "1-0"]
[WhiteElo "2137"]
[BlackElo "1939"]

1. d4 g6 2. e4 Bg7 3. Nc3 d6 4. Be3 Nd7 5. Qd2 h6 6. f4 e6 7. Nf3 Ne7 8. Bd3 b6
9. O-O Bb7 10. Ne2 c5 11. c3 Rc8 12. Ng3 cxd4 13. Nxd4 Nc5 14. Bb5+ Kf8 15. f5
exf5 16. exf5 Nxf5 17. Ngxf5 gxf5 18. Nxf5 Ne4 19. Qe2 Qg5 20. Bxg5 hxg5 21.
Nxg7 Kxg7 22. Qg4 Rcf8 23. Bd3 Rh4 24. Qd7 Nc5 25. Qf5 Ne6 26. Rae1 Bxg2 27.
Rxe6 Bxf1 28. Qxg5+ Kh8 29. Rh6+ Rxh6 30. Qxh6+ Kg8 31. Qh7# 1-0

[Event "AUTO-MASTER-1045"]
[Site "http://www.queenalice.com/game.php?id=732736"]
[Date "2010.2.16"]
[Round "1"]
[White "volga1"]
[Black "Da_vinci7"]
[Result "0-1"]
[WhiteElo "1893"]
[BlackElo "2124"]

1. e4 e5 2. Nf3 Nc6 3. Bc4 Be7 4. d4 exd4 5. Nxd4 d6 6. Nxc6 bxc6 7. Qf3 Be6 8.
Bxe6 fxe6 9. Qh5+ g6 10. Qf3 Nf6 11. Nc3 Rb8 12. Bh6 Rxb2 13. O-O-O Qb8 14. e5
Nd5 15. Nxd5 cxd5 16. exd6 Qb4 17. c3 Qa3 18. c4 Qxa2 19. dxe7 Rb1# 0-1

[Event "AUTO-MASTER-1045"]
[Site "http://www.queenalice.com/game.php?id=732737"]
[Date "2010.2.16"]
[Round "1"]
[White "Da_vinci7"]
[Black "ezequiel_2001"]
[Result "1-0"]
[WhiteElo "2118"]
[BlackElo "1903"]

1. d4 Nf6 2. Nc3 b6 3. e4 Bb7 4. f3 g6 5. Be3 Bg7 6. Qd2 O-O 7. Bh6 Nh5 8. g4
Nf6 9. h4 e6 10. h5 d6 11. Bxg7 Kxg7 12. hxg6 fxg6 13. Qh6+ Kh8 14. e5 dxe5 15.
dxe5 Nxg4 16. Qxh7# 1-0

[Event "AUTO-MASTER-1045"]
[Site "http://www.queenalice.com/game.php?id=732738"]
[Date "2010.2.16"]
[Round "1"]
[White "ezequiel_2001"]
[Black "Da_vinci7"]
[Result "0-1"]
[WhiteElo "1825"]
[BlackElo "2119"]

1. d4 Nf6 2. c4 c5 3. dxc5 e6 4. Nc3 Bxc5 5. g3 O-O 6. Bg2 Nc6 7. Nf3 a6 8. O-O
d6 9. a3 Qc7 10. b4 Ba7 11. e3 Bd7 12. Bb2 Rad8 13. Ne2 e5 14. Ne1 Ng4 15. Nc3
Ne7 16. Nd5 Nxd5 17. Bxd5 Kh8 18. Nc2 f5 19. h3 Nf6 20. Bg2 Qxc4 21. Bxb7 f4 22.
exf4 Bxh3 23. Bg2 Bxg2 24. Kxg2 Qe4+ 25. f3 Qg6 26. fxe5 Nh5 27. g4 Nf4+ 28. Kg3
dxe5 0-1

[Event "AUTO-MASTER-1046"]
[Site "http://www.queenalice.com/game.php?id=733443"]
[Date "2010.2.17"]
[Round "1"]
[White "SubRoger"]
[Black "Da_vinci7"]
[Result "0-1"]
[WhiteElo "2096"]
[BlackElo "2156"]

1. e4 e5 2. Nf3 Nc6 3. Bb5 a6 4. Bxc6 dxc6 5. d4 Nf6 6. O-O Bg4 7. h3 Bxf3 8.
Qxf3 Bd6 9. dxe5 Bxe5 10. c3 O-O 11. Bg5 Qd6 12. Na3 b5 13. Rad1 Qe6 14. Ra1
Nxe4 15. Bf4 Bxf4 16. Qxf4 Nd6 17. Nc2 Rfe8 18. Nd4 Qc4 19. Qf3 c5 20. Nc2 Rad8
21. Ne3 Qe6 22. Rfe1 Qe4 23. Qg3 Re6 24. Qg4 Qxg4 25. Nxg4 Rde8 26. Rxe6 Rxe6
27. Kf1 Nc4 28. b3 Nd2+ 29. Kg1 Ne4 30. Re1 Nxc3 31. Ra1 Re2 32. a3 Ra2 33. Rxa2
Nxa2 34. Ne3 Nc1 35. b4 c4 36. Kf1 Kf8 37. Ke1 Ke7 38. f3 Ke6 39. Kd2 Nd3 40.
Kc3 Ke5 41. g3 f5 42. Nc2 g5 43. Nd4 f4 44. g4 Nf2 45. Nc6+ Kd6 46. Nb8 Nxh3 47.
Nxa6 Ng1 0-1

[Event "AUTO-MASTER-1046"]
[Site "http://www.queenalice.com/game.php?id=733444"]
[Date "2010.2.17"]
[Round "1"]
[White "Da_vinci7"]
[Black "SubRoger"]
[Result "1-0"]
[WhiteElo "2143"]
[BlackElo "2089"]

1. d4 d5 2. e4 dxe4 3. Nc3 Nf6 4. f3 exf3 5. Nxf3 b6 6. Bd3 Bb7 7. Be3 e6 8. O-O
Be7 9. Qe1 O-O 10. Qh4 Nbd7 11. Bg5 Re8 12. Ne5 Nf8 13. Rad1 a5 14. Bb5 Ba6 15.
Nc6 Bxb5 16. Nxd8 Bxf1 17. Nxf7 Kxf7 18. Rxf1 Kg8 19. Ne2 Ng6 20. Qh3 Rf8 21.
Qxe6+ Kh8 22. Ng3 Rae8 23. Nf5 Bd6 24. Qb3 Ne4 25. Nxd6 Nxd6 26. Rxf8+ Rxf8 27.
Qc3 Rf7 28. Bd8 Ne4 29. Qc6 1-0

[Event "AUTO-MASTER-1046"]
[Site "http://www.queenalice.com/game.php?id=733455"]
[Date "2010.2.17"]
[Round "1"]
[White "toninho89"]
[Black "Da_vinci7"]
[Result "1-0"]
[WhiteElo "2182"]
[BlackElo "2129"]

1. d4 Nf6 2. Bg5 d5 3. Bxf6 exf6 4. g3 g6 5. Bg2 Bg7 6. e3 O-O 7. Ne2 Bg4 8. O-O
c6 9. Nd2 Re8 10. c4 dxc4 11. Nxc4 Nd7 12. Rc1 Nb6 13. Re1 Nxc4 14. Rxc4 Qa5 15.
d5 Bd7 16. dxc6 Bxc6 17. Bxc6 bxc6 18. Nc3 Rac8 19. Qa4 Qb6 20. Rd1 Qxb2 21.
Rxc6 f5 22. Nd5 Qb7 23. Rc7 1-0

[Event "AUTO-MASTER-1046"]
[Site "http://www.queenalice.com/game.php?id=733456"]
[Date "2010.2.17"]
[Round "1"]
[White "Da_vinci7"]
[Black "toninho89"]
[Result "1-0"]
[WhiteElo "2153"]
[BlackElo "2050"]

1. d4 d5 2. e4 dxe4 3. Nc3 Nf6 4. f3 Bf5 5. fxe4 Nxe4 6. Qf3 Nd6 7. Bf4 Nc6 8.
O-O-O Qc8 9. h3 g5 10. Bxg5 Bg7 11. Nge2 Qd7 12. g4 Bg6 13. a3 h5 14. Bg2 O-O-O
15. Rhe1 hxg4 16. hxg4 Rde8 17. Bf4 Rh4 18. d5 Ne5 19. Qf2 Qxg4 20. Kb1 Kb8 21.
Bg3 Rh7 22. Rd4 Qf5 23. Qxf5 Nxf5 24. Bxe5 Bxe5 25. Rb4 Rh2 26. Be4 Reh8 27. Rb3
a6 28. Na4 Bd6 29. Rd3 Rf2 30. Nac3 Rhh2 31. Rf3 Rxf3 32. Bxf3 Ne3 33. Be4 1-0

[Event "AUTO-MASTER-1046"]
[Site "http://www.queenalice.com/game.php?id=733461"]
[Date "2010.2.17"]
[Round "1"]
[White "Mestre_Quin"]
[Black "Da_vinci7"]
[Result "0-1"]
[WhiteElo "2140"]
[BlackElo "2125"]

1. g4 d5 2. e3 e5 3. Bg2 c6 4. b3 h6 5. Bb2 Bd6 6. d3 Be6 7. Nd2 Nf6 8. h3 Nbd7
9. Ne2 Qc7 10. e4 O-O-O 11. Ng3 g6 12. Qe2 Nb6 13. a4 h5 14. g5 h4 15. gxf6 hxg3
16. fxg3 Nd7 17. Qf3 Bb4 18. g4 Bxd2+ 19. Kxd2 dxe4 20. Qxe4 Bd5 21. Qe2 e4 22.
Qf2 Rhe8 23. Rhe1 Qh2 24. Bd4 Qxg2 0-1

[Event "AUTO-MASTER-1046"]
[Site "http://www.queenalice.com/game.php?id=733462"]
[Date "2010.2.17"]
[Round "1"]
[White "Da_vinci7"]
[Black "Mestre_Quin"]
[Result "1-0"]
[WhiteElo "2105"]
[BlackElo "2127"]

1. d4 Nf6 2. Nc3 d5 3. e4 dxe4 4. f3 exf3 5. Nxf3 Bg4 6. h3 Bxf3 7. Qxf3 c6 8.
Be3 e6 9. Bd3 Nbd7 10. O-O Be7 11. Qg3 Qb8 12. Bf4 Bd6 13. Bxd6 1-0

[Event "coyote78"]
[Site "http://www.queenalice.com/game.php?id=792398"]
[Date "2010.6.19"]
[Round "5"]
[White "Da_vinci7"]
[Black "coyote78"]
[Result "1-0"]
[WhiteElo "2195"]
[BlackElo "2035"]

1. d4 d5 2. e4 dxe4 3. Nc3 Nf6 4. f3 Nc6 5. Bb5 a6 6. Bxc6+ bxc6 7. fxe4 Bg4 8.
Qd3 e6 9. Nf3 Be7 10. O-O O-O 11. Be3 Qd7 12. Ne5 Qd6 13. Rxf6 Bxf6 14. Nxg4 Qe7
15. Nxf6+ Qxf6 16. Rf1 Qg6 17. Qc4 1-0

[Event "AUTO-MASTER-1046"]
[Site "http://www.queenalice.com/game.php?id=798962"]
[Date "2010.7.5"]
[Round "2"]
[White "dossoman"]
[Black "Da_vinci7"]
[Result "1/2-1/2"]
[WhiteElo "2290"]
[BlackElo "2188"]

1. e4 e5 2. Nf3 Nc6 3. Bc4 d6 4. d3 Be7 5. Be3 Nf6 6. O-O O-O 7. a3 Bg4 8. Nbd2
Qd7 9. c3 Kh8 10. d4 exd4 11. cxd4 Nxe4 12. Nxe4 d5 13. Bb5 dxe4 14. d5 exf3 15.
dxc6 bxc6 16. Qxd7 Bxd7 17. Ba6 fxg2 18. Kxg2 Bf6 19. Rfd1 Be6 20. Bd4 Bxd4 21.
Rxd4 Rab8 22. b4 Rbd8 23. Rad1 Rxd4 24. Rxd4 Bd5+ 25. f3 Re8 26. Kf2 g6 27. Be2
Kg7 28. Rd2 f5 29. Rc2 Kf6 30. Rc5 f4 31. Ra5 Ra8 32. Ba6 Ke6 33. Bb7 Re8 34.
Rxa7 Kd6 35. Ba6 h5 36. Be2 g5 37. Ra5 Re3 38. Ra8 Be6 39. Rh8 h4 40. a4 Ra3 41.
a5 c5 42. bxc5+ Kxc5 43. Rh7 Rxa5 44. Rxc7+ Kd4 45. Rc2 Ra2 46. Rxa2 Bxa2 47.
Ba6 Be6 48. Bf1 Bc4 49. Bh3 Ke5 50. Bc8 Be6 51. Bb7 h3 52. Ba6 Kd4 53. Bf1 Kc3
54. Ba6 1/2-1/2

[Event "AUTO-MASTER-1046"]
[Site "http://www.queenalice.com/game.php?id=798963"]
[Date "2010.7.5"]
[Round "2"]
[White "Da_vinci7"]
[Black "dossoman"]
[Result "1-0"]
[WhiteElo "2180"]
[BlackElo "2288"]

1. d4 Nf6 2. Nc3 d5 3. e4 dxe4 4. f3 exf3 5. Nxf3 Bg4 6. h3 Bh5 7. g4 Bg6 8. Ne5
Nbd7 9. Qf3 c6 10. Nxg6 hxg6 11. g5 Nh5 12. Bc4 e6 13. Rf1 Qe7 14. Bd2 Nb6 15.
Bb3 f5 16. O-O-O O-O-O 17. Rfe1 Nd5 18. Nxd5 cxd5 19. Re3 Qf7 20. Rde1 Rd6 21.
Qe2 Nf4 22. Rc3+ Rc6 23. Rxc6+ bxc6 24. Bxf4 Rxh3 25. Qe5 Kb7 26. Qb8+ Ka6 27.
Qc8+ Kb6 28. Rxe6 Rh1+ 29. Kd2 1-0

[Event "AUTO-MASTER-1046"]
[Site "http://www.queenalice.com/game.php?id=798966"]
[Date "2010.7.5"]
[Round "2"]
[White "Alexandrovinsk"]
[Black "Da_vinci7"]
[Result "1-0"]
[WhiteElo "2120"]
[BlackElo "2202"]

1. e4 e5 2. Nf3 Nc6 3. Bc4 d6 4. c3 Bg4 5. d3 Nf6 6. Nbd2 Be7 7. h3 Bh5 8. Nf1
O-O 9. g4 Bg6 10. Ng3 Na5 11. Bb3 Nxb3 12. Qxb3 b6 13. Be3 Qd7 14. Nf5 h6 15.
N3h4 Bh7 16. Rg1 Ne8 17. Nxe7+ Qxe7 18. Nf5 Bxf5 19. gxf5 Kh8 20. O-O-O Nf6 21.
Qc2 a5 22. Qd2 Rg8 23. Rg2 b5 24. Rdg1 Qf8 25. f3 c5 26. Qf2 Ra7 27. Qh4 Nh7 28.
Bxh6 f6 29. Rg4 Rf7 30. Be3 1-0

[Event "AUTO-MASTER-1046"]
[Site "http://www.queenalice.com/game.php?id=798967"]
[Date "2010.7.5"]
[Round "2"]
[White "Da_vinci7"]
[Black "Alexandrovinsk"]
[Result "1-0"]
[WhiteElo "2168"]
[BlackElo "2172"]

1. d4 f5 2. e4 fxe4 3. Nc3 e6 4. Nxe4 Nf6 5. Bg5 Be7 6. Bxf6 Bxf6 7. Qh5+ g6 8.
Qh6 Bxd4 9. O-O-O Bf6 10. Nf3 Qe7 11. Nxf6+ Qxf6 12. Bd3 d6 13. h4 Qf8 14. Qg5
Qe7 15. Qg3 Nc6 16. h5 gxh5 17. Rxh5 Nd8 18. Rdh1 Bd7 19. Rxh7 Rxh7 20. Rxh7 Qf8
21. Bg6+ 1-0

[Event "AUTO-MASTER-1045"]
[Site "http://www.queenalice.com/game.php?id=882255"]
[Date "2011.1.6"]
[Round "2"]
[White "thewhitebishop"]
[Black "Da_vinci7"]
[Result "0-1"]
[WhiteElo "2038"]
[BlackElo "2211"]

1. d4 Nf6 2. c4 c5 3. d5 b5 4. cxb5 a6 5. f3 axb5 6. e4 Qa5+ 7. Bd2 b4 8. Na3 g6
9. Nc4 Qc7 10. Ne3 Bg7 11. Bc4 d6 12. Rb1 O-O 13. Ne2 Nbd7 14. O-O Nb6 15. Qc2
Nxc4 16. Nxc4 Rxa2 17. Nc1 Ra7 18. b3 Bd7 19. Nd3 Rfa8 20. Ndb2 Bb5 21. Rfc1 Nd7
22. Be3 Ra2 23. h3 Nb6 24. Qd2 Bxc4 25. bxc4 Na4 0-1

[Event "AUTO-MASTER-1045"]
[Site "http://www.queenalice.com/game.php?id=882256"]
[Date "2011.1.6"]
[Round "2"]
[White "Da_vinci7"]
[Black "thewhitebishop"]
[Result "1-0"]
[WhiteElo "2204"]
[BlackElo "2029"]

1. d4 Nf6 2. Nc3 g6 3. e4 Bg7 4. f3 d6 5. Be3 c6 6. Qd2 b5 7. O-O-O O-O 8. Bh6
Re8 9. Bxg7 Kxg7 10. h4 h5 11. Kb1 a5 12. e5 Nh7 13. g4 dxe5 14. gxh5 b4 15. Ne4
Qc7 16. hxg6 fxg6 17. h5 exd4 18. hxg6 Nf6 19. Qh6+ 1-0

[Event "AUTO-MASTER-1045"]
[Site "http://www.queenalice.com/game.php?id=882259"]
[Date "2011.1.6"]
[Round "2"]
[White "Da_vinci7"]
[Black "jjrphd"]
[Result "1/2-1/2"]
[WhiteElo "2203"]
[BlackElo "2119"]

1. d4 d5 2. e4 e6 3. Nc3 Nf6 4. Bg5 Nc6 5. e5 h6 6. Be3 Nd7 7. f4 Bb4 8. Nf3 Nb6
9. a3 Bxc3+ 10. bxc3 Nc4 11. Bc1 N6a5 12. Bd3 O-O 13. O-O Bd7 14. a4 c5 15. Qe1
Qb6 16. Qg3 Rac8 17. f5 exf5 18. Nh4 Kh8 19. Bxf5 Bxf5 20. Nxf5 Qg6 21. Qh3 Nc6
22. Nxh6 gxh6 23. Rf6 Qg7 24. Rxh6+ Kg8 25. Rh4 N4xe5 26. dxe5 Nxe5 27. Rh5 Rfe8
28. Bh6 Qf6 29. Rf1 Qe6 30. Qg3+ Ng6 31. Rhf5 Rc6 32. h4 Qd6 33. Qf2 f6 34. Rg5
Kh7 35. Rh5 Qe6 36. Bd2+ Kg7 37. Qg3 Qf7 38. Rhf5 Kh7 39. Qg4 Re4 40. Qh5+ Kg8
41. Rg5 fxg5 42. Rxf7 Kxf7 43. Qh7+ Kf8 44. Qxb7 Rce6 45. Bxg5 Ne5 46. Qb8+ Kg7
47. Qxa7+ Kg6 48. Kh2 Ng4+ 49. Kh3 Rc4 50. Qd7 Nf2+ 51. Kh2 Ng4+ 52. Kg3 Ree4
53. Qd6+ Kg7 54. Qd7+ Kg6 55. Qd6+ Kg7 56. Qd7+ Kg6 1/2-1/2

[Event "AUTO-MASTER-1045"]
[Site "http://www.queenalice.com/game.php?id=882260"]
[Date "2011.1.6"]
[Round "2"]
[White "jjrphd"]
[Black "Da_vinci7"]
[Result "1-0"]
[WhiteElo "2104"]
[BlackElo "2218"]

1. d4 Nf6 2. Nc3 d5 3. Nf3 e6 4. e3 c6 5. Bd3 Bd6 6. O-O Nbd7 7. e4 dxe4 8. Bxe4
O-O 9. Re1 Qc7 10. Bd3 Re8 11. Bg5 h6 12. Bh4 b5 13. Qe2 Bb7 14. Ne5 a6 15. a4
b4 16. Ne4 Nxe4 17. Qxe4 f5 18. Qe2 Nxe5 19. dxe5 Bc5 20. Bxf5 Bxf2+ 21. Bxf2
exf5 22. Qc4+ Kh8 23. Qxb4 Re6 24. a5 Rae8 25. Qb6 Qf7 26. Qb3 Qc7 27. Qb6 Qf7
28. Qc5 Qc7 29. Re2 Qf7 30. Qc3 Qh5 31. Rae1 Qg4 32. Bc5 Bc8 33. Bd4 Kh7 34. h3
Qh4 35. Bf2 Qg5 36. Bc5 f4 37. Bd6 Bb7 38. Qd3+ Kh8 39. Qf3 Qf5 40. Rf1 g5 41.
Rd1 Kg7 42. Qc3 Kg8 43. Bc5 Bc8 44. Rde1 Bb7 45. Qb3 Bc8 46. Bd6 Kh8 47. Rd2 Kg7
48. Qb6 Qf7 49. Qxc6 Bb7 50. Qc3 Rc8 51. Qb3 Ba8 52. Qd3 Bb7 53. c4 Bc6 54. b4
1-0